[Event "Campeonato del mundo sub-18"]
[Site "Kemer TUR"]
[Date "2009.11.14"]
[Round "3.5"]
[White "Yilmaz, Mustafa"]
[Black "Arenas, David"]
[Result "1-0"]
[WhiteElo "2468"]
[BlackElo "2333"]
[PlyCount "121"]
[EventDate "2009.11.11"]
[EventType "swiss"]
[EventRounds "11"]
[EventCountry "ESP"]
[Source "lmi"]
[SourceDate "2009.11.11"]

1. e4 c5 2. Nf3 d6 3. d4 Nf6 4. Nc3 cxd4 5. Nxd4 a6 6. Bg5 e6 7. f4 Qb6 8. Qd2
Qxb2 9. Rb1 Qa3 10. e5 h6 11. Bh4 dxe5 12. fxe5 Nfd7 13. Ne4 Qxa2 14. Rd1 Qd5
15. Qe3 Qxe5 16. Be2 Bc5 17. Bg3 Bxd4 18. Rxd4 Qa5+ 19. Rd2 O-O 20. Bd6 Rd8 21.
Qg3 Qf5 22. Be5 Qg6 23. Qh4 Nc6 24. Bh5 Qf5 25. Bxg7 Nc5 26. Nxc5 Kxg7 27. Rf1
Qe5+ 28. Ne4 Qa1+ 29. Rd1 Rxd1+ 30. Bxd1 Qe5 31. Rf6 Ne7 32. Bh5 Ng6 33. Bxg6
fxg6 34. Qg4 g5 35. Qf3 Qxe4+ 36. Qxe4 Kxf6 37. Qh7 a5 38. Qxh6+ Kf5 39. Qf8+
Kg6 40. Qe8+ Kf6 41. Qa4 Ke7 42. Kd2 Bd7 43. Qa3+ Kd8 44. Qf8+ Be8 45. Qd6+ Bd7
46. Qb6+ Kc8 47. Qc5+ Kd8 48. Qxg5+ Kc7 49. Qe5+ Kb6 50. Kc3 a4 51. Kb4 Bc6 52.
Qd4+ Kc7 53. Qg7+ Kd6 54. Ka3 b5 55. c3 Bd5 56. h4 e5 57. h5 Rg8 58. Qf6+ Be6
59. h6 Rc8 60. h7 Rxc3+ 61. Kb4 1-0

[Event "Campeonato del mundo sub-18"]
[Site "Kemer TUR"]
[Date "2009.11.14"]
[Round "3.6"]
[White "Rozum, Ivan"]
[Black "Pavlidis, Anastasios"]
[Result "0-1"]
[WhiteElo "2458"]
[BlackElo "2300"]
[PlyCount "66"]
[EventDate "2009.11.11"]
[EventType "swiss"]
[EventRounds "11"]
[EventCountry "ESP"]
[Source "lmi"]
[SourceDate "2009.11.11"]

1. d4 Nf6 2. c4 g6 3. Nc3 Bg7 4. e4 d6 5. Nf3 O-O 6. Be2 e5 7. O-O Nc6 8. d5
Ne7 9. b4 a5 10. Ba3 axb4 11. Bxb4 b6 12. a4 Ne8 13. a5 c5 14. dxc6 Nxc6 15.
Ba3 Rxa5 16. Nb5 Bg4 17. Nd2 Bxe2 18. Qxe2 Nc7 19. Nb3 Nxb5 20. cxb5 Nd4 21.
Qc4 Nxb3 22. Qxb3 Qa8 23. Qe3 Qa7 24. Bb2 Ra8 25. Rxa5 Qxa5 26. Qd3 Rc8 27. Rb1
Qa2 28. h3 d5 29. exd5 e4 30. Qxe4 Bxb2 31. d6 Qxb1+ 32. Qxb1 Rc1+ 33. Qxc1
Bxc1 0-1

[Event "Campeonato del mundo sub-18"]
[Site "Kemer TUR"]
[Date "2009.11.14"]
[Round "3.7"]
[White "Benidze, Davit"]
[Black "Aguirre, Manzo Leopoldo"]
[Result "1-0"]
[WhiteElo "2450"]
[BlackElo "2148"]
[PlyCount "59"]
[EventDate "2009.11.11"]
[EventType "swiss"]
[EventRounds "11"]
[EventCountry "ESP"]
[Source "lmi"]
[SourceDate "2009.11.11"]

1. Nf3 Nf6 2. g3 g6 3. Bg2 Bg7 4. O-O O-O 5. d4 d6 6. c4 c6 7. Nc3 Nbd7 8. e4
e5 9. Re1 exd4 10. Nxd4 a5 11. h3 Nc5 12. Qc2 Re8 13. Be3 Qe7 14. Rad1 Ne6 15.
Nf3 Nd7 16. Re2 Ne5 17. Nd2 Ng5 18. Kh2 Be6 19. f4 Nxc4 20. fxg5 Nxe3 21. Rxe3
Qxg5 22. Rd3 Be5 23. Ne2 Qh5 24. Nf3 Bg4 25. R1d2 Bxf3 26. Rxf3 Re7 27. Nf4 Qg5
28. Rdf2 Rf8 29. Qd2 Bg7 30. Nd5 1-0

[Event "Campeonato del mundo sub-18"]
[Site "Kemer TUR"]
[Date "2009.11.14"]
[Round "3.8"]
[White "Rumjantsev, Jevgeni"]
[Black "Shukh, Nikolay"]
[Result "0-1"]
[WhiteElo "2039"]
[BlackElo "2438"]
[PlyCount "56"]
[EventDate "2009.11.11"]
[EventType "swiss"]
[EventRounds "11"]
[EventCountry "ESP"]
[Source "lmi"]
[SourceDate "2009.11.11"]

1. e4 c5 2. Nf3 g6 3. d4 cxd4 4. Nxd4 Bg7 5. Nc3 Nc6 6. Be3 Nf6 7. f3 O-O 8.
Qd2 d5 9. exd5 Nxd5 10. Nxc6 bxc6 11. Nxd5 cxd5 12. Bd4 e5 13. Bc5 Rb8 14. Bxf8
Qxf8 15. c3 Qc5 16. Rc1 e4 17. fxe4 dxe4 18. b4 Qb6 19. Bc4 Bf5 20. Qf4 Rc8 21.
g4 Bxg4 22. Bxf7+ Kh8 23. c4 Bf3 24. Rf1 Qxb4+ 25. Qd2 Qe7 26. Qd5 Rd8 27. Qe6
Bc3+ 28. Kf2 Qh4+ 0-1

[Event "Campeonato del mundo sub-18"]
[Site "Kemer TUR"]
[Date "2009.11.14"]
[Round "3.9"]
[White "Matlakov, Maxim"]
[Black "Arslanov, Shamil"]
[Result "1-0"]
[WhiteElo "2575"]
[BlackElo "2379"]
[PlyCount "73"]
[EventDate "2009.11.11"]
[EventType "swiss"]
[EventRounds "11"]
[EventCountry "ESP"]
[Source "lmi"]
[SourceDate "2009.11.11"]

1. c4 c5 2. Nf3 Nc6 3. d4 cxd4 4. Nxd4 Nf6 5. Nc3 e6 6. g3 a6 7. Bg2 Qc7 8. O-O
Be7 9. b3 O-O 10. Bb2 d6 11. Rc1 Nxd4 12. Qxd4 Rb8 13. Rfd1 b6 14. Ba3 Rd8 15.
Rd2 Bb7 16. e4 Ba8 17. h3 Ne8 18. Qe3 b5 19. Ne2 Qa5 20. Bb2 Bf6 21. Bxf6 Nxf6
22. cxb5 axb5 23. Rcd1 b4 24. g4 h6 25. Ng3 Rbc8 26. Qf4 d5 27. e5 Nd7 28. g5
hxg5 29. Qxg5 Nf8 30. Nh5 Ng6 31. Be4 d4 32. Bxg6 fxg6 33. Nf4 Rf8 34. Nxg6 Rc3
35. Rxd4 Rxh3 36. Ne7+ Kf7 37. Qg6+ 1-0

[Event "Campeonato del mundo sub-18"]
[Site "Kemer TUR"]
[Date "2009.11.14"]
[Round "3.10"]
[White "Bogner, Sebastian"]
[Black "Karayev, Assylkhan"]
[Result "1-0"]
[WhiteElo "2504"]
[BlackElo "2275"]
[PlyCount "75"]
[EventDate "2009.11.11"]
[EventType "swiss"]
[EventRounds "11"]
[EventCountry "ESP"]
[Source "lmi"]
[SourceDate "2009.11.11"]

1. d4 Nf6 2. c4 d6 3. Nf3 Nbd7 4. Nc3 e5 5. e4 Be7 6. Be2 c6 7. O-O O-O 8. Be3
a6 9. d5 cxd5 10. cxd5 b5 11. Nd2 Nc5 12. b4 Ncd7 13. a4 bxa4 14. Qxa4 Ne8 15.
Qa5 Nc7 16. Rfc1 Rb8 17. Nc4 f5 18. f3 fxe4 19. fxe4 Rb7 20. Qa3 Bg5 21. Bxg5
Qxg5 22. Nxd6 Rb6 23. Nf5 Rg6 24. Bf3 Nb6 25. Ne2 Ncxd5 26. Neg3 Nf4 27. b5
Bxf5 28. exf5 Rh6 29. bxa6 Qh4 30. Nf1 e4 31. Qa2+ Kh8 32. Bxe4 Nh3+ 33. gxh3
Qxe4 34. Ng3 Qe3+ 35. Kg2 Nd5 36. a7 Rb6 37. Rc5 Rd8 38. Rxd5 1-0

[Event "Campeonato del mundo sub-18"]
[Site "Kemer TUR"]
[Date "2009.11.14"]
[Round "3.12"]
[White "Darini, Pouria"]
[Black "Hovhannisyan, Robert"]
[Result "1-0"]
[WhiteElo "2366"]
[BlackElo "2487"]
[PlyCount "147"]
[EventDate "2009.11.11"]
[EventType "swiss"]
[EventRounds "11"]
[EventCountry "ESP"]
[Source "lmi"]
[SourceDate "2009.11.11"]

1. e4 c5 2. Nf3 d6 3. d4 cxd4 4. Nxd4 Nf6 5. Nc3 Nc6 6. Bc4 Bd7 7. Be3 Ng4 8.
Nxc6 bxc6 9. Qf3 Ne5 10. Qe2 Nxc4 11. Qxc4 e6 12. O-O Be7 13. e5 d5 14. Qg4 g6
15. Na4 Rb8 16. c3 a5 17. a3 Bc8 18. b4 Ba6 19. Rfe1 Bb5 20. Nc5 h5 21. Qg3 h4
22. Qg4 Bxc5 23. Bxc5 Rh5 24. bxa5 Qxa5 25. Qb4 Qa4 26. Reb1 Ra8 27. Bd4 Qxb4
28. Rxb4 Kf8 29. a4 Kg7 30. h3 Rhh8 31. Be3 Rh5 32. Kh2 Bc4 33. a5 Bb5 34. f3
Ra6 35. Kg1 Kf8 36. Bc5+ Ke8 37. Bd6 g5 38. Rg4 Bd3 39. Bc5 Kd7 40. Be3 Ra8 41.
Kf2 Rhh8 42. Rb4 Kc7 43. Bxg5 c5 44. Rxh4 Rhb8 45. Rf4 Rb2+ 46. Kg1 Bg6 47. h4
Kb7 48. g4 Ka6 49. h5 Rh8 50. Re1 Kxa5 51. Bh4 d4 52. cxd4 c4 53. Bf2 Bd3 54.
Rxf7 c3 55. Rc7 c2 56. Be3 Rg8 57. Rc5+ Ka4 58. Bf4 Kb3 59. Bc1 Rb1 60. Kf2 Bh7
61. Ke3 Rd8 62. Rc7 Rh8 63. Kd2 Ka2 64. Re3 Rb4 65. Rxc2+ Bxc2 66. Kxc2 Ra8 67.
Kd3 Rd8 68. Re2+ Ka1 69. Be3 Rh8 70. Ke4 Rb7 71. Rh2 Rb3 72. h6 Ra8 73. h7 Raa3
74. Rh3 1-0

[Event "Campeonato del mundo sub-18"]
[Site "Kemer TUR"]
[Date "2009.11.14"]
[Round "3.13"]
[White "Pavlidis, Antonios"]
[Black "Salem, A.R.Saleh"]
[Result "0-1"]
[WhiteElo "2364"]
[BlackElo "2472"]
[PlyCount "84"]
[EventDate "2009.11.11"]
[EventType "swiss"]
[EventRounds "11"]
[EventCountry "ESP"]
[Source "lmi"]
[SourceDate "2009.11.11"]

1. e4 c5 2. Nf3 d6 3. d4 cxd4 4. Nxd4 Nf6 5. Nc3 Nc6 6. Bg5 Qa5 7. Bxf6 gxf6 8.
Bb5 Bd7 9. Nb3 Qc7 10. Nd5 Qd8 11. Be2 f5 12. exf5 Bxf5 13. Bg4 Bg6 14. Qe2 e5
15. Ne3 Bg7 16. h4 h5 17. Bf5 O-O 18. O-O-O Nd4 19. Nxd4 exd4 20. Bxg6 fxg6 21.
Nd5 Kh7 22. Qd3 Rf5 23. Qb3 a5 24. g4 a4 25. Qxb7 hxg4 26. h5 gxh5 27. Ne7 Re5
28. Rde1 Rb8 29. Rxh5+ Bh6+ 30. Rxh6+ Kxh6 31. Rh1+ Kg5 32. f4+ gxf3 33. Qxf3
Qxe7 34. Qh5+ Kf6 35. Rf1+ Ke6 36. Qh3+ Kd5 37. Qf3+ Kc5 38. Qa3+ Kb5 39. Qd3+
Ka5 40. b3 Re1+ 41. Kb2 Rxf1 42. Qxf1 Qe3 0-1

[Event "Campeonato del mundo sub-18"]
[Site "Kemer TUR"]
[Date "2009.11.14"]
[Round "3.14"]
[White "Melnichuk, Mikhail"]
[Black "Krejci, Jan"]
[Result "1/2-1/2"]
[WhiteElo "2312"]
[BlackElo "2458"]
[PlyCount "125"]
[EventDate "2009.11.11"]
[EventType "swiss"]
[EventRounds "11"]
[EventCountry "ESP"]
[Source "lmi"]
[SourceDate "2009.11.11"]

1. d4 Nf6 2. c4 e6 3. Nf3 Bb4+ 4. Bd2 c5 5. Bxb4 cxb4 6. g3 d6 7. Bg2 O-O 8.
O-O Nc6 9. e3 e5 10. d5 Nb8 11. a3 Na6 12. Qb3 bxa3 13. Rxa3 Ne4 14. Nfd2 Nec5
15. Qc3 Qb6 16. Nb3 Bf5 17. Nxc5 Qxc5 18. Nd2 Rfc8 19. Rfa1 Qb6 20. Qa5 Qxb2
21. Rb3 b6 22. Qxa6 Qxd2 23. Bf1 h6 24. Qa3 Rc5 25. Rxb6 axb6 26. Qxa8+ Kh7 27.
Qa2 Qc3 28. Qa3 Qc2 29. Qa2 Qe4 30. Qd2 Ra5 31. Rc1 Kg8 32. Qb2 Qg4 33. h3 Qh5
34. Qxb6 Ra2 35. e4 Bxe4 36. Qe3 Qg6 37. Bg2 Bxg2 38. Kxg2 f5 39. c5 f4 40. Qf3
dxc5 41. Rxc5 Ra1 42. Rc8+ Kh7 43. Rc3 Qb1 44. Qd3+ Qxd3 45. Rxd3 e4 46. Rc3
f3+ 47. Kh2 Rf1 48. Rc2 Rd1 49. g4 g5 50. d6 Rxd6 51. Rc4 Re6 52. Kg3 Kg6 53.
Rc5 Re7 54. Rc6+ Kg7 55. Rd6 Re8 56. Rc6 Rf8 57. Re6 Rf4 58. Re5 Kf6 59. Re8 h5
60. gxh5 Rh4 61. Rh8 Kf5 62. Rf8+ Ke5 63. Re8+ 1/2-1/2

[Event "Campeonato del mundo sub-18"]
[Site "Kemer TUR"]
[Date "2009.11.14"]
[Round "3.15"]
[White "Pourramezanali, Amirreza"]
[Black "Durarbeyli, Vasif"]
[Result "0-1"]
[WhiteElo "2321"]
[BlackElo "2456"]
[PlyCount "98"]
[EventDate "2009.11.11"]
[EventType "swiss"]
[EventRounds "11"]
[EventCountry "ESP"]
[Source "lmi"]
[SourceDate "2009.11.11"]

1. e4 c5 2. c3 b6 3. d4 Bb7 4. Bd3 Nf6 5. Qe2 cxd4 6. cxd4 Nc6 7. d5 Nd4 8. Qe3
e5 9. Ne2 Bc5 10. Qg3 O-O 11. Nbc3 d6 12. O-O Nh5 13. Qh3 g6 14. Nxd4 Bxd4 15.
Ne2 Bc8 16. Qf3 Bc5 17. a3 a5 18. Bh6 Ng7 19. b4 axb4 20. axb4 Rxa1 21. Rxa1
Bxb4 22. g3 Bh3 23. Ra7 b5 24. Rb7 Bc5 25. Rxb5 f5 26. Rb7 Qa5 27. Kh1 Qe1+ 28.
Ng1 Bxf2 29. Rb1 fxe4 30. Qxf8+ Kxf8 31. Rxe1 Bxe1 32. Bxe4 Bc8 33. Kg2 Bb4 34.
h3 Kf7 35. Bxg7 Kxg7 36. g4 Bd2 37. Ne2 Kf6 38. Ng1 Be3 39. Nf3 h5 40. Kg3 Bf4+
41. Kh4 Bd7 42. Ne1 Be8 43. gxh5 g5+ 44. Kg4 Bd7+ 45. Kf3 Bxh3 46. Nd3 g4+ 47.
Ke2 g3 48. Nxf4 exf4 49. h6 Bg4+ 0-1

[Event "Campeonato del mundo sub-18"]
[Site "Kemer TUR"]
[Date "2009.11.14"]
[Round "3.17"]
[White "Baron, Tal"]
[Black "Bebel, Arkadiusz"]
[Result "1/2-1/2"]
[WhiteElo "2404"]
[BlackElo "2275"]
[PlyCount "64"]
[EventDate "2009.11.11"]
[EventType "swiss"]
[EventRounds "11"]
[EventCountry "ESP"]
[Source "lmi"]
[SourceDate "2009.11.11"]

1. e4 c5 2. Nf3 e6 3. d4 cxd4 4. Nxd4 Nf6 5. Nc3 d6 6. Be2 Be7 7. O-O O-O 8. f4
Nc6 9. Be3 a6 10. a4 Qc7 11. Kh1 Re8 12. Bf3 Na5 13. Nde2 e5 14. b3 Rb8 15. Qd3
Nc6 16. Qc4 Be6 17. Nd5 Bxd5 18. exd5 e4 19. dxc6 d5 20. Qc3 exf3 21. Rxf3 Qxc6
22. Rd1 Rbc8 23. Bd4 Ne4 24. Qxc6 bxc6 25. Ng3 Bf8 26. Kg1 f6 27. f5 Nxg3 28.
Rxg3 Kf7 29. Re3 Rxe3 30. Bxe3 Re8 31. Kf2 g6 32. fxg6+ hxg6 1/2-1/2

[Event "Campeonato del mundo sub-18"]
[Site "Kemer TUR"]
[Date "2009.11.14"]
[Round "3.19"]
[White "Ollier, Pablo"]
[Black "Ter-Sahakyan, Samvel"]
[Result "1/2-1/2"]
[WhiteElo "2259"]
[BlackElo "2512"]
[PlyCount "42"]
[EventDate "2009.11.11"]
[EventType "swiss"]
[EventRounds "11"]
[EventCountry "ESP"]
[Source "lmi"]
[SourceDate "2009.11.11"]

1. d4 d5 2. c4 e6 3. Nc3 c6 4. e4 Bb4 5. cxd5 exd5 6. e5 Ne7 7. Nf3 O-O 8. Bd3
c5 9. a3 Bxc3+ 10. bxc3 Nbc6 11. O-O c4 12. Bc2 Bf5 13. a4 Re8 14. Ba3 Bxc2 15.
Qxc2 Ng6 16. Rab1 Qd7 17. Ng5 f6 18. e6 Qc7 19. Nxh7 Nf4 20. Qf5 Rxe6 21. g3
Ne7 1/2-1/2

[Event "Campeonato del mundo sub-18"]
[Site "Kemer TUR"]
[Date "2009.11.14"]
[Round "3.20"]
[White "Chirila, Ioan-Cristian"]
[Black "Kocheev, Aleksandr"]
[Result "1-0"]
[WhiteElo "2510"]
[BlackElo "2247"]
[PlyCount "95"]
[EventDate "2009.11.11"]
[EventType "swiss"]
[EventRounds "11"]
[EventCountry "ESP"]
[Source "lmi"]
[SourceDate "2009.11.11"]

1. e4 e5 2. Nf3 Nc6 3. Bb5 Nf6 4. O-O Nxe4 5. d4 Nd6 6. Bxc6 dxc6 7. dxe5 Nf5
8. Qxd8+ Kxd8 9. Nc3 Ke8 10. h3 b6 11. b3 Bb4 12. Ne4 h5 13. Bg5 Be6 14. c4 Be7
15. Rad1 Rd8 16. Rxd8+ Bxd8 17. Rd1 Bxg5 18. Nexg5 Ke7 19. Nd4 Nxd4 20. Rxd4 c5
21. Rd2 Bf5 22. f4 a5 23. Kf2 a4 24. Kf3 axb3 25. axb3 Ra8 26. g4 hxg4+ 27.
hxg4 Bd7 28. f5 Ra3 29. Kf4 Bc6 30. Rh2 Ra1 31. Rh7 Rf1+ 32. Ke3 Re1+ 33. Kf4
Rf1+ 34. Kg3 Rg1+ 35. Kh4 Rh1+ 36. Nh3 Bg2 37. Kg3 Bxh3 38. Rxh3 Rf1 39. Rh7
Kf8 40. Rh8+ Ke7 41. Rg8 Re1 42. Kf4 Rf1+ 43. Kg5 Re1 44. f6+ gxf6+ 45. exf6+
Kd7 46. Rf8 Re5+ 47. Kf4 Re6 48. g5 1-0

[Event "Campeonato del mundo sub-18"]
[Site "Kemer TUR"]
[Date "2009.11.14"]
[Round "3.21"]
[White "Shreyansh Daklia, Jain"]
[Black "Nabaty, Tamir"]
[Result "1/2-1/2"]
[WhiteElo "2236"]
[BlackElo "2508"]
[PlyCount "81"]
[EventDate "2009.11.11"]
[EventType "swiss"]
[EventRounds "11"]
[EventCountry "ESP"]
[Source "lmi"]
[SourceDate "2009.11.11"]

1. e4 e6 2. d4 d5 3. Nc3 Bb4 4. e5 Ne7 5. a3 Bxc3+ 6. bxc3 b6 7. Qg4 Ng6 8. h4
h5 9. Qd1 Qd7 10. a4 Ba6 11. Bxa6 Nxa6 12. Qd3 Nb8 13. Ne2 Nc6 14. Bg5 Na5 15.
f3 Qc6 16. g4 Qc4 17. Qd2 c5 18. gxh5 Rxh5 19. f4 Ne7 20. Ng3 Rh7 21. Bxe7 Kxe7
22. f5 cxd4 23. cxd4 Rc8 24. fxe6 fxe6 25. Ra3 Ke8 26. Rf1 Qxc2 27. Qb4 Qc1+
28. Ke2 Qc4+ 29. Qxc4 Rxc4 30. Raf3 g6 31. Rf8+ Kd7 32. h5 gxh5 33. Nxh5 Re7
34. R1f7 Rxf7 35. Rxf7+ Ke8 36. Rxa7 Nc6 37. Ng7+ Kf8 38. Nxe6+ Ke8 39. Rb7
Nxd4+ 40. Nxd4 Rxd4 41. Rxb6 1/2-1/2

[Event "Campeonato del mundo sub-18"]
[Site "Kemer TUR"]
[Date "2009.11.14"]
[Round "3.22"]
[White "Plaskan, Jure"]
[Black "Martinovic, Sasa"]
[Result "0-1"]
[WhiteElo "2197"]
[BlackElo "2483"]
[PlyCount "64"]
[EventDate "2009.11.11"]
[EventType "swiss"]
[EventRounds "11"]
[EventCountry "ESP"]
[Source "lmi"]
[SourceDate "2009.11.11"]

1. e4 c5 2. Nf3 Nc6 3. d4 cxd4 4. Nxd4 Nf6 5. Nc3 d6 6. Bc4 Qb6 7. Nde2 e6 8.
a3 Be7 9. Ba2 O-O 10. O-O Bd7 11. Ng3 Ne5 12. Kh1 Rac8 13. f4 Nc4 14. Qe2 Qc7
15. Rd1 b5 16. Bb3 Rfd8 17. f5 Kh8 18. Nh5 Qb7 19. Rd3 exf5 20. Rg3 g6 21. Bh6
Nxh5 22. Qxh5 f4 23. Qf3 fxg3 24. Bxc4 bxc4 25. Qxf7 Bf8 26. Qf6+ Kg8 27. Nd5
Bc6 28. Qe6+ Kh8 29. Bg5 Bxd5 30. exd5 Re8 31. Qg4 Qxd5 32. Rf1 Qf5 0-1

[Event "Campeonato del mundo sub-18"]
[Site "Kemer TUR"]
[Date "2009.11.14"]
[Round "3.23"]
[White "Rasulov, Vugar Ural Oglu"]
[Black "Akdag, Dara"]
[Result "1/2-1/2"]
[WhiteElo "2427"]
[BlackElo "2189"]
[PlyCount "62"]
[EventDate "2009.11.11"]
[EventType "swiss"]
[EventRounds "11"]
[EventCountry "ESP"]
[Source "lmi"]
[SourceDate "2009.11.11"]

1. e4 c5 2. Nf3 d6 3. d4 cxd4 4. Nxd4 Nf6 5. Nc3 g6 6. Be3 Bg7 7. f3 Nc6 8. Qd2
O-O 9. Bc4 Bd7 10. h4 Rc8 11. Bb3 h5 12. O-O-O Ne5 13. Bg5 Rc5 14. Kb1 Re8 15.
Rhe1 b5 16. g4 hxg4 17. f4 b4 18. Na4 Nc4 19. Qd3 Bxa4 20. Bxa4 Nd7 21. e5 Qc8
22. e6 fxe6 23. Qxg6 Kh8 24. Nxe6 Bxb2 25. Re5 Na3+ 26. Kxb2 Rxc2+ 27. Bxc2
Qc3+ 28. Kc1 Qa1+ 29. Kd2 Qc3+ 30. Ke2 Qf3+ 31. Ke1 Qg3+ 1/2-1/2

[Event "Campeonato del mundo sub-18"]
[Site "Kemer TUR"]
[Date "2009.11.14"]
[Round "3.24"]
[White "Sanchez, Maya Simon"]
[Black "Shyam, Nikhil Ponnusamy"]
[Result "0-1"]
[WhiteElo "2194"]
[BlackElo "2393"]
[PlyCount "106"]
[EventDate "2009.11.11"]
[EventType "swiss"]
[EventRounds "11"]
[EventCountry "ESP"]
[Source "lmi"]
[SourceDate "2009.11.11"]

1. e4 c5 2. d4 cxd4 3. c3 dxc3 4. Nxc3 Nc6 5. Nf3 d6 6. Bc4 a6 7. O-O Nf6 8.
Be3 e6 9. Qe2 Be7 10. Rfd1 Bd7 11. Bf4 e5 12. Bg5 Bg4 13. Qd3 Bxf3 14. Qxf3 Nd4
15. Qh3 O-O 16. a3 Kh8 17. Ba2 Ng8 18. Bd2 Bg5 19. Be3 Nc2 20. Bc5 Nxa1 21.
Bxd6 Nc2 22. Bb1 Nd4 23. Bxe5 Ne2+ 24. Kf1 Nxc3 25. Rxd8 Rfxd8 26. Qxc3 f6 27.
Bd4 Rac8 28. Qd3 Rc1+ 29. Ke2 Ne7 30. Ba2 Nc6 31. Bd5 Rc2+ 32. Kd1 Rd2+ 33.
Qxd2 Bxd2 34. Bb6 Rd7 35. Kxd2 Ne7 36. Be3 Nxd5 37. exd5 Rxd5+ 38. Kc3 Kg8 39.
Kc4 Rd7 40. Kc5 Kf7 41. b4 Ke6 42. Kb6 Kd5 43. a4 Kc4 44. Bc5 Kb3 45. a5 Kc4
46. g3 g5 47. h3 f5 48. Bf8 Rf7 49. Bc5 Kd3 50. Ka7 Ke4 51. h4 gxh4 52. gxh4
Kd5 53. Kb6 h5 0-1

[Event "Campeonato del mundo sub-18"]
[Site "Kemer TUR"]
[Date "2009.11.14"]
[Round "3.26"]
[White "Lovik, Lasse Ostebo"]
[Black "Mocanu, Sergiu"]
[Result "1-0"]
[WhiteElo "2379"]
[BlackElo "2169"]
[PlyCount "129"]
[EventDate "2009.11.11"]
[EventType "swiss"]
[EventRounds "11"]
[EventCountry "ESP"]
[Source "lmi"]
[SourceDate "2009.11.11"]

1. e4 c6 2. d4 d5 3. Nc3 dxe4 4. Nxe4 Nf6 5. Nxf6+ gxf6 6. Bf4 Bf5 7. Nf3 Nd7
8. Qd2 e6 9. O-O-O Qb6 10. Nh4 Bg6 11. Nxg6 hxg6 12. c4 Qb4 13. Qc2 Bh6 14.
Bxh6 Rxh6 15. Be2 O-O-O 16. Rd3 Qd6 17. h3 Rh4 18. Qd2 Nf8 19. Rd1 Qf4 20. Qe3
f5 21. Bf3 Qxe3+ 22. fxe3 Nh7 23. Kd2 Nf6 24. b4 g5 25. Ra3 g4 26. hxg4 fxg4
27. Be2 Ne4+ 28. Kc2 Kb8 29. Rb3 Rh2 30. Rg1 f5 31. c5 a6 32. a4 Kc7 33. Bc4
Ng5 34. Kd3 Rdh8 35. Rbb1 R8h6 36. b5 axb5 37. axb5 cxb5 38. Rxb5 Rh1 39. Rxh1
Rxh1 40. Rb6 Rh2 41. Bxe6 Nxe6 42. Rxe6 Rxg2 43. Rg6 Rg3 44. Rf6 Rf3 45. Ke2
Kd7 46. d5 Kc7 47. Rf7+ Kb8 48. Rf6 Kc7 49. Rf8 Rg3 50. Rf7+ Kc8 51. Rxf5 Rg2+
52. Kd3 g3 53. Rg5 Rg1 54. Ke4 g2 55. Kf3 Rc1 56. Rxg2 Rxc5 57. Ke4 Rc4+ 58.
Ke5 Rh4 59. Rg8+ Kc7 60. Rg7+ Kb6 61. e4 Rh5+ 62. Kd4 Rh6 63. Rg1 Rh4 64. Rc1
Rh5 65. d6 1-0

[Event "Campeonato del mundo sub-18"]
[Site "Kemer TUR"]
[Date "2009.11.14"]
[Round "3.27"]
[White "Larmuseau, Maarten"]
[Black "Anton, Teodor"]
[Result "0-1"]
[WhiteElo "2160"]
[BlackElo "2363"]
[PlyCount "98"]
[EventDate "2009.11.11"]
[EventType "swiss"]
[EventRounds "11"]
[EventCountry "ESP"]
[Source "lmi"]
[SourceDate "2009.11.11"]

1. e4 c5 2. Nf3 d6 3. Bb5+ Nd7 4. c3 Ngf6 5. Qe2 a6 6. Ba4 b5 7. Bc2 Bb7 8. d3
e5 9. O-O Be7 10. h3 O-O 11. Bg5 Re8 12. Nbd2 h6 13. Bh4 Nf8 14. Rfd1 Nh5 15.
Bxe7 Qxe7 16. g3 Ng6 17. Nf1 Qd7 18. h4 d5 19. Ne3 Nf6 20. Bb3 d4 21. Nf5 Rad8
22. c4 Qc7 23. Rdc1 Ne7 24. Nxe7+ Qxe7 25. cxb5 axb5 26. Nd2 Nd7 27. a4 c4 28.
dxc4 b4 29. c5 Nxc5 30. Bc4 d3 31. Qe3 Rd4 32. f3 Rf8 33. a5 Ba6 34. Bxa6 Nxa6
35. Rc6 Nb8 36. Rb6 Qc7 37. Qe1 Nd7 38. Rb5 Qc6 39. Rd5 Rxd5 40. exd5 Qxd5 41.
Qe3 f5 42. a6 Nf6 43. a7 e4 44. Qb6 Re8 45. Ra5 Qa8 46. Nc4 exf3 47. Rxf5 Ng4
48. Nd2 f2+ 49. Rxf2 Nxf2 0-1

[Event "Campeonato del mundo sub-18"]
[Site "Kemer TUR"]
[Date "2009.11.14"]
[Round "3.28"]
[White "Tiraturyan, David"]
[Black "Poetsch, Hagen"]
[Result "0-1"]
[WhiteElo "2158"]
[BlackElo "2361"]
[PlyCount "68"]
[EventDate "2009.11.11"]
[EventType "swiss"]
[EventRounds "11"]
[EventCountry "ESP"]
[Source "lmi"]
[SourceDate "2009.11.11"]

1. e4 d5 2. exd5 Qxd5 3. Nf3 Bg4 4. Be2 Nc6 5. O-O O-O-O 6. Nc3 Qa5 7. a3 e6 8.
d3 Nf6 9. Bd2 Qf5 10. Ng5 Bxe2 11. Nxe2 Rd7 12. b4 Bd6 13. f4 h6 14. Ng3 Qd5
15. Be3 Bxf4 16. Rxf4 hxg5 17. Rf1 Ne5 18. c4 Qxd3 19. Qxd3 Rxd3 20. Bxg5 Nfg4
21. Bf4 Nxc4 22. Rac1 b5 23. Ne4 Rxa3 24. Ra1 Rxa1 25. Rxa1 e5 26. Bg3 Kb8 27.
Nc5 Rd8 28. Na6+ Kb7 29. Nc5+ Ka8 30. Na6 c6 31. Nc5 Nge3 32. Ra6 Rd6 33. Ne4
Rg6 34. h4 Rg4 0-1

[Event "Campeonato del mundo sub-18"]
[Site "Kemer TUR"]
[Date "2009.11.14"]
[Round "3.30"]
[White "Mazur, Stefan"]
[Black "Hesham, Abdelrahman"]
[Result "1-0"]
[WhiteElo "2360"]
[BlackElo "2155"]
[PlyCount "153"]
[EventDate "2009.11.11"]
[EventType "swiss"]
[EventRounds "11"]
[EventCountry "ESP"]
[Source "lmi"]
[SourceDate "2009.11.11"]

1. e4 c5 2. Nf3 d6 3. d4 cxd4 4. Nxd4 Nf6 5. Nc3 a6 6. Be3 e5 7. Nf3 Qc7 8. a4
b6 9. Bg5 Nbd7 10. Nd2 Be7 11. Bc4 Bb7 12. Qe2 O-O 13. O-O Rfe8 14. Rad1 h6 15.
Bh4 Bf8 16. Rfe1 Rec8 17. Ba2 Qc5 18. Qc4 Qxc4 19. Nxc4 Rc6 20. f3 Rac8 21. Ne3
Rc5 22. Rd2 b5 23. axb5 axb5 24. Bb3 b4 25. Na2 Rb5 26. Bc4 Rb6 27. c3 bxc3 28.
Nxc3 Ra8 29. Bf2 Rb4 30. Bb5 Nc5 31. Nc4 Nb3 32. Rdd1 Nd4 33. Rxd4 exd4 34.
Bxd4 d5 35. exd5 Nxd5 36. Re5 f6 37. Rh5 g6 38. Nxd5 gxh5 39. Nxb4 Bxb4 40. Ne3
Ra5 41. Bc4+ Kg7 42. Kf2 Bd6 43. Bc3 Rg5 44. h4 Bg3+ 45. Kg1 Bxh4 46. f4 Rc5
47. Bb4 Rc6 48. Nf5+ Kh8 49. b3 Bg5 50. fxg5 hxg5 51. Nd4 Rc8 52. Ne6 Kh7 53.
Be7 Kg6 54. Nf8+ Kg7 55. Ne6+ Kf7 56. Bc5 Kg6 57. b4 Ra8 58. Nd4 Ra1+ 59. Kf2
Be4 60. Bb5 h4 61. Be8+ Kg7 62. Bc6 Ra2+ 63. Kf1 Bxc6 64. Nxc6 g4 65. b5 Rc2
66. Be3 h3 67. gxh3 gxh3 68. Kg1 Kg6 69. b6 Rb2 70. Nd8 Kf5 71. b7 Kg4 72. Bd4
Rb4 73. Bxf6 Kf5 74. Bd4 Kf4 75. Ba7 Ke4 76. b8=Q Rxb8 77. Bxb8 1-0

[Event "Campeonato del mundo sub-18"]
[Site "Kemer TUR"]
[Date "2009.11.14"]
[Round "3.35"]
[White "Stankovic, Milos"]
[Black "Yilmaz, Baler"]
[Result "1-0"]
[WhiteElo "2379"]
[BlackElo "1847"]
[PlyCount "55"]
[EventDate "2009.11.11"]
[EventType "swiss"]
[EventRounds "11"]
[EventCountry "ESP"]
[Source "lmi"]
[SourceDate "2009.11.11"]

1. e4 c6 2. d4 d5 3. Nd2 dxe4 4. Nxe4 Bf5 5. Ng3 Bg6 6. h4 h6 7. N1e2 e6 8. Nf4
Bh7 9. Bc4 Nf6 10. c3 Bd6 11. Qf3 O-O 12. Be3 Nd5 13. Ngh5 Nxf4 14. Nxf4 Nd7
15. Nh5 Qa5 16. g4 e5 17. O-O-O exd4 18. Bxd4 Ne5 19. Bxe5 Bxe5 20. Rd7 Bg6 21.
Nf4 Bxf4+ 22. Qxf4 b5 23. Bb3 Rad8 24. Rhd1 h5 25. Qg5 Rxd7 26. Rxd7 c5 27.
gxh5 Be4 28. h6 1-0